000 00368nam a2200145Ia 4500
008 240624s9999 xx 000 0 und d
041 _aeng
082 _a658.4012 KAC
100 _aKACHRU UPENDRA
245 _aSTRATEGIC MANAGEMENT
250 _a(2nd ed.)
260 _c2015
_aNew Delhi
_bTata McGraw-Hill
300 _axxvi, : 799 : p. : cm. ; 26
365 _cRS
_b33
999 _c26239
_d26239